Statistiken für Tischtennis Weltmeister (Herren-Einzel)

Klicken Sie hier um das Quiz zu spielen!

Allgemein

  • Dieses Quiz wurde 107 mal gespielt
    (36 seit der letzten Aktualisierung)
  • Das Durchschnittsergebnis liegt bei 9 aus 57

Antwortstatistiken

JahrNationaltätSpieler% Korrekt
2015ChinaMa Long
90%
2019ChinaMa Long
90%
2017ChinaMa Long
90%
1997SchwedenJan-Ove Waldner
71%
1989SchwedenJan-Ove Waldner
71%
2023ChinaFan Zhendong
65%
2021ChinaFan Zhendong
65%
2009ChinaWang Hao
45%
2003ÖsterreichWerner Schlager
45%
2011ChinaZhang Jike
45%
2013ChinaZhang Jike
45%
1991SchwedenJörgen Persson
35%
2007ChinaWang Liqin
16%
2005ChinaWang Liqin
16%
2001ChinaWang Liqin
16%
1999ChinaLiu Guoliang
6%
1935UngarnVictor Barna
6%
1934UngarnVictor Barna
6%
1933UngarnVictor Barna
6%
1932UngarnVictor Barna
6%
1930UngarnVictor Barna
6%
1993FrankreichJean-Philippe Gatien
3%
1995ChinaKong Linghui
3%
1926UngarnRoland Jacobi
3%
1969JapanShigeo Itō
3%
1971SchwedenStellan Bengtsson
3%
1938TschechienBohumil Váňa
0%
1947TschechienBohumil Váňa
0%
1953UngarnFerenc Sidó
0%
1929EnglandFred Perry
0%
1981ChinaGuo Yuehua
0%
1983ChinaGuo Yuehua
0%
1952JapanHiroji Satoh
0%
1956JapanIchirō Ogimura
0%
1954JapanIchirō Ogimura
0%
1975UngarnIstván Jónyer
0%
1985ChinaJiang Jialiang
0%
1987ChinaJiang Jialiang
0%
1949EnglandJohnny Leach
0%
1951EnglandJohnny Leach
0%
1931UngarnMiklós Szabados
0%
1977JapanMitsuru Kōno
0%
1967JapanNobuhiko Hasegawa
0%
1950EnglandRichard Bergmann
0%
1948EnglandRichard Bergmann
0%
1939EnglandRichard Bergmann
0%
1937ÖsterreichRichard Bergmann
0%
1959ChinaRong Guotuan
0%
1979JapanSeiji Ono
0%
1936TschechienStanislav Kolář
0%
1955JapanToshiaki Tanaka
0%
1957JapanToshiaki Tanaka
0%
1973ChinaXi Enting
0%
1961ChinaZhuang Zedong
0%
1965ChinaZhuang Zedong
0%
1963ChinaZhuang Zedong
0%
1928UngarnZoltán Mechlovits
0%

Verteilung der Resultate

Perzentil nach korrekt beantworteten Fragen

Anzahl Personen mit jedem Resultat

Ihre Resultats-Entwicklung

Sie haben dieses Quiz seit der letzten Aktualisierung nicht gespielt